000 00551nab a2200145Ia 4500
003 ES-SlBCS
005 20210601144259.0
008 140529s2004 xxu||||| |||| 00| 0 spa d
041 _aspa
100 1 _aBarrio de la Puente, José Luis
_9297898
245 0 0 _aAnálisis y valoración del razonamiento lógico y la abstracción matemática en las personas adultas
_c José Luis Barrio De La Puente
650 0 4 _aEducación de Adultos
_9128539
773 0 _tRevista Complutense de Educación
_gvol. 15, nº. 1, 2004, págs. 185-202
_wRev1338
942 _cAR
999 _c706164
_d706164